01014cam a2200289 a 4500999001100000001000800011003000500019005001700024008004100041010001700082020002200099040001800121050002000139082001200159100001900171245016400190260005200354300003400406650003100440700002600471700002300497700002300520740001800543906004500561942001200606952010600618 c73d733843303Nust20170105095818.0870629s1988 caua 000 0 eng  a 87081880  a0155923889 (pbk.) aDLCcDLCdDLC00aBD21b.B63 198800a1002191 aBowie, G. Lee.10aTwenty questions :ban introduction to philosophy /cG. Lee Bowie, Meredith W. Michaels, Robert C. Solomon ; under the general editorship of Robert J. Fogelin. aSan Diego :bHarcourt Brace Jovanovich,cc1988. axiv, 782 p. :bill. ;c24 cm. 0aPhilosophyvIntroductions.1 aMichaels, Meredith W.1 aSolomon, Robert C.1 aFogelin, Robert J.0 a20 questions. a7bcbccorignewd3eopcnf19gy-gencatlg 2ddccBK 00102ddc4070aIESEbIESEd2016-12-07l1m2o100pIESE-2536r2023-06-08s2023-01-13w2016-12-07yBK